000
00312nam a22001337a 4500
008
181012b xxu||||| |||| 00| 0 eng d
020
_a
0874886333
041
_a
eng
080
_2
2nd
_a
617
100
_a
8
101
_a
OFT
245
_a
Handbook of Ophthalmologic Emergencies
_c
Gombos,G.M
942
_2
udc
_c
BK
999
_c
49472
_d
49472